000
00243nam a22001097a 4500
008
180806b xxu||||| |||| 00| 0 eng d
082
_a
813.52
245
_a
World History
_c
Pearson
300
_a
2
_f
CD
440
_x
0131333585
942
_2
ddc
_c
MX
999
_c
46805
_d
46805